| 000 | 01227nam a22002537a 4500 | ||
|---|---|---|---|
| 003 | DO-SdBNP | ||
| 005 | 20211014110720.0 | ||
| 007 | ta | ||
| 008 | 210622b 2015 dr 00| 0 eng d | ||
| 020 | _a9789945498561 | ||
| 040 |
_aDO-SdBNP _bspa _cBNPHU |
||
| 100 | 1 |
_aEmeterio Rondón, Nieves Lidia (Melania) _978966 |
|
| 245 | 1 | 0 |
_aAmanuense desde la cotidianidad / _cNieves Lidia Emeterio Rondón (Melania). |
| 260 |
_aSanto Domingo : _bUniversitaria UASD, _c2015. |
||
| 300 |
_a440 p. ; _c21 cm. |
||
| 490 | 1 |
_aEstudios y Sociedad ; _v1505 |
|
| 500 | _aIncluye datos biográficos de la autora en la contracubierta. | ||
| 505 | 0 | _aPresentación -- De la justicia dominicana -- Género y familia -- Sobre el magisterio nacional -- Pobreza y dignidad humana -- Expresiones culturales dominicanas -- Violencia y delincuencia -- Responsabilidades pendientes de asumir -- Literatura y realidad -- Educación en valores -- Sensibilidad al desnudo -- De cómo gravita la excesiva migración haitiana en República Dominicana -- Otros. | |
| 590 | _aInventariado, 2021 /LP | ||
| 590 | _aLa biblioteca posee 1 ejemplar autografiado por la autora | ||
| 830 | 0 |
_aEstudios y Sociedad _n1505 _978967 |
|
| 910 | _aLP | ||
| 942 |
_2ddc _cLBS1 |
||
| 999 |
_c49984 _d49984 |
||